02037cam a2200301 i 450000100090000000300040000900500170001300800410003001000170007102000290008803800120011704000280012904200080015705000210016508200200018608400230020610000600022924500820028930000450037150400530041652009330046956300140140265000190141665000160143565000310145177601690148285600840165117946680OSt20210909151022.0131119s2014 njua b 001 0 eng  a 2013046037 a9781118720929 (hardback) akhadija aDLCbengcDLCerdadDLC apcc00aTJ828b.L53 201400a333.92223bLYA aSCI0240002bisacsh1 aLi︠a︡tkher, V. M.q(Viktor Mikhaĭlovich)eauthor.10aWind Power :bTurbine Design, Selection, and Optimization /cVictor Lyatkher. avii, 311 pages :billustrations ;c25 cm aIncludes bibliographical references and indexes. a"Wind power is the most mature technology of the major sources of renewable energy that have been developed, and more efficient and cost-effective techologies and materials are constantly being sought for turbines and the equipment used on them. Here is a comprehensive and thorough review of the engineering pros and cons for using different kinds of wind turbines in different areas, including offshore. With a full technical knowledge, engineers, managers, and other decision-makers in the wind energy industry can make more informed decisions about increasing capacity, cost-efficiency, and longevity. Covering the various types of wind turbines available, such as new collinear windmills, orthogonal turbines, and others, this highly technical treatment of wind turbines offers engineers, students, and researchers insight into the practical applications of these turbines and their potential for maximum efficiency. "-- ahardcover 0aWind turbines. 0aWind power. 7aSCIENCE / Energy.2bisacsh08iOnline version:aLi︠a︡tkher, V. M. (Viktor Mikhaĭlovich) author.tWind powerdHoboken, New Jersey : John Wiley & Sons, [2014]z9781118721117w(DLC) 2013046558423Cover imageuhttp://catalogimages.wiley.com/images/db/jimages/9781118720929.jpg